top 10 QB of all time - Statistics

General Stats
  • This quiz has been taken 44 times
  • The average score is 8 of 10
Answer Stats
Hint Answer % Correct
patriots tom brady
100%
broncos/ colts payton manning
94%
giants Eli manning
88%
chiefs patrick mahomes
88%
seahawks Russell Wilson
84%
49ers joe montana
81%
dolphins dan marino
72%
broncos john Elway
66%
packers Brett Farve
56%
packers Aaron rogers
50%
No matching quizzes found
Score Distribution
Percent of People with Each Score
Percentile by Number Answered
Your Score History
You have not taken this quiz